banner-ar

From christian Egypt to islam Egypt : (Record no. 63060)

MARC details
000 -الفاتح
حقل البيانات ثابتة الطول 00708nam a22002057a 4500
005 - وقت وتاريخ اخر تعامل مع التسجيلة
رقم الضبط 20240530110621.0
008 - عناصر البيانات ثابتة الطول - معلومات عامة
حقل البيانات ثابتة الطول 161220s2014 ua g b 001 0 eng d
020 ## - الرقم الدولى المعيارى للكتب
الرقم الدولى المعيارى للكتاب 9789774166822
040 ## - مصدر الفهرسة
وكالة الفهرسة الأصلية EG-CaGPL
082 04 - رقم تصنيف ديوى العشرى
رقم الطبعة 21
رقم التصنيف 962.02
رقم المادة CC\M C
100 1# - المدخل الرئيسى - إسم شخصى
الإسم الشخصى Mikhail,Maged S. A.
245 15 - بيان العنوان
العنوان From christian Egypt to islam Egypt :
بقية العنوان religion, identity, and politics after the arab conquest \
بيان المسئوليه,etc Maged S. A. Mikhail
260 ## - PUBLICATION, DISTRIBUTION, ETC. (IMPRINT)
تاريخ النشر أو التوزيع 2014
300 ## - الوصف المادى
التعداد 429 pages ;
أبعاد الوعاء 24 cm.
504 ## - تبصرة ببليوجرافية
تبصرة ببليوجرافية,الخ Includes bibliographical references (p. 383 - 405).
650 #0 - المدخل الاضافى بالموضوع-مصطلح موضوعى
مصطلح موضوعي christians
التقسيم الفرعي الجغرافي Egypt
650 #0 - المدخل الاضافى بالموضوع-مصطلح موضوعى
مصطلح موضوعي muslims
التقسيم الفرعي الجغرافي Egypt
651 ## - المدخل الاضافى بالموضوع - اسم جغرافى
الاسم الجغرافي Egypt
التقسيم الفرعي العام history
التقسيم الفرعي الزمني to 640 A. D.
942 ## - عناصر المدخل الإضافي( كوها)
مصدر التصنيف او مخطط الترفيف Dewey Decimal Classification
Koha [default] item type كتاب
260 ## - PUBLICATION, DISTRIBUTION, ETC. (IMPRINT)
-- Cairo :
-- the american university in cairo press ;
Holdings
حالة التراجع حالة الفقد حالة تلف ليس للاعارة المكان المؤقت الموقع الحالى موقع الترفيف تاريخ الاكتساب اجمالي اﻻعارات رقم الطلب الباركود تاريخ اخر مشاهدة تاريخ تفعيل السعر نوع وعاء كوها
        مكتبة القاهرة الكبرى مكتبة القاهرة الكبرى   12/20/2016   962.02 CC\M C 163012 12/20/2016 12/20/2016 كتاب

Powered By

EGPV